Online
Catalog

Cambios mundiales, desarrollo y concertación social / (Record no. 25714)

MARC details
000 -CABECERA
campo de control de longitud fija 01156nam a2200253 a 4500
001 - NÚMERO DE CONTROL
campo de control 000026222
005 - FECHA Y HORA DE LA ÚLTIMA TRANSACCIÓN
campo de control 20250701132841.0
008 - DATOS DE LONGITUD FIJA--INFORMACIÓN GENERAL
campo de control de longitud fija 110307s1991 dr 000 0 spa d
040 ## - FUENTE DE LA CATALOGACIÓN
Centro catalogador/agencia de origen DO-SdBNP
Lengua de catalogación spa
Centro/agencia transcriptor BNPHU
082 ## - NÚMERO DE LA CLASIFICACIÓN DECIMAL DEWEY
Número de clasificación 338.97293
Número de documento/Ítem C175m
245 00 - MENCIÓN DE TÍTULO
Título Cambios mundiales, desarrollo y concertación social /
Mención de responsabilidad, etc. edición y prólogo Víctor Grimaldi.
260 ## - PUBLICACIÓN, DISTRIBUCIÓN, ETC.
Lugar de publicación, distribución, etc. Santo Domingo :
Nombre del editor, distribuidor, etc. Club de Ejecutivos de Santo Domingo,
Fecha de publicación, distribución, etc. 1991.
300 ## - DESCRIPCIÓN FÍSICA
Extensión 159 p. ;
Dimensiones 23 cm.
500 ## - NOTA GENERAL
Nota general Incluye los trabajos presentados en el encuentro sobre "Cambios mundiales, desarrollo y concertación social" celebrado el 5 de agosto de 1991, en el Club de ejecutivos de Santo Domingo.
504 ## - NOTA DE BIBLIOGRAFÍA, ETC.
Nota de bibliografía, etc. Incluye referencias bibliográficas y notas al pie de las páginas.
590 ## - NOTA LOCAL (RLIN)
Nota local Inventariado, 2019/MFF
650 #0 - PUNTO DE ACCESO ADICIONAL DE MATERIA--TÉRMINO DE MATERIA
Término de materia o nombre geográfico como elemento de entrada Desarrollo económico
9 (RLIN) 85548
651 #4 - PUNTO DE ACCESO ADICIONAL DE MATERIA--NOMBRE GEOGRÁFICO
Nombre geográfico República Dominicana
Subdivisión general Condiciones Económicas
9 (RLIN) 281
650 #4 - PUNTO DE ACCESO ADICIONAL DE MATERIA--TÉRMINO DE MATERIA
Término de materia o nombre geográfico como elemento de entrada Potencial de crecimiento
Subdivisión geográfica República Dominicana
9 (RLIN) 12741
650 #4 - PUNTO DE ACCESO ADICIONAL DE MATERIA--TÉRMINO DE MATERIA
Término de materia o nombre geográfico como elemento de entrada Crecimiento económico
9 (RLIN) 8530
650 #4 - PUNTO DE ACCESO ADICIONAL DE MATERIA--TÉRMINO DE MATERIA
Término de materia o nombre geográfico como elemento de entrada Planificación estratégica
9 (RLIN) 2433
700 1# - PUNTO DE ACCESO ADICIONAL--NOMBRE DE PERSONA
Nombre de persona Grimaldi, Víctor,
Fechas asociadas al nombre 1949-
Término indicativo de función/relación ed.
9 (RLIN) 1699
910 ## - DATOS DE OPCIÓN DEL USUARIO (OCLC)
Datos de opción del usuario Validado. Control de calidad EMS
Holdings
Estado de retiro Estado de pérdida Restricciones de uso No para préstamo Código de colección Localización permanente Ubicación/localización actual Ubicación en estantería Fecha de adquisición Número de inventario Total de préstamos Signatura topográfica completa Código de barras Fecha visto por última vez Número de copia Precio válido a partir de Tipo de ítem Koha Nota pública
        Dominicana de Servicio General General Depósito 24.06.2013 LF1   338.97293 C175m 26222-30 25.06.2020 e. 3 25.06.2020 Libro y Folleto Colección Dominicana de Servicio  
        Dominicana de Servicio General General Depósito 12.03.2014 LF1   338.97293 C175m 26222-40 25.06.2020 e. 4 25.06.2020 Libro y Folleto Colección Dominicana de Servicio  
      Excluido de préstamo Patrimonio Dominicano Patrimonio Dominicano Patrimonio Dominicano Depósito 07.03.2011 LF1   338.97293 C175m 26222-10 25.06.2020   25.06.2020 Libro y Folleto Colección Patrimonio Dominicano Perteneció a la biblioteca personal de Germán Emilio Ornes.
      Excluido de préstamo Patrimonio Dominicano Patrimonio Dominicano Patrimonio Dominicano Depósito 01.08.2011 LF1   338.97293 C175m 26222-20 25.06.2020 e. 2 25.06.2020 Libro y Folleto Colección Patrimonio Dominicano  
        Dominicana de Servicio Patrimonio Dominicano Patrimonio Dominicano Depósito 18.02.2015 LF1   338.97293 C175m 26222-50 25.06.2020 e. 5 25.06.2020 Libro y Folleto Colección Dominicana de Servicio  

Powered by Koha